00781nam a2200217 a 450000100060000000300080000600500170001400800410003103500190007204000250009104100080011608200270012410000270015124500810017826000760025930000330033565000230036894200120039199900170040395201430042069800BD-RjUL20211209081927.0170413s1975 pk a 000 0 eng d a(BD-RjUL)70012 aLCbengcLCdBD-RjUL aeng04a676.2824223bTHB 19751 aThapar, Romesh920673410aBook development in national communications and planning /cby Romesh Thapar aKarachi :bUnesco Regional Centre for Book Development in Asia,cc1975. avi, 113 p. :bill. ;c22 cm. aBook Paper9206735 2ddccBK c69800d69800 00102ddc40718NFICaRUCLbRUCLcReadingd2021-12-09eR.U.C.L., Rajshahil0o676.2824 THB 1975r2017-04-13 00:00:00tC-1w2017-04-13yBK